000 00383nam a2200109Ia 4500
008 220204s9999 xx 000 0 und d
082 _a338.124.4:339.1
_bBIN
100 _aBina, Cyrus
245 4 _aThe economics of the oil crisis : Theories of oil crisis, oil rent, and internationalization of capital in the oil industry
260 _aNew York
_bSt. Martin's Press
_c1985
942 _cBK
999 _c41363
_d41363